000
00291nam a2200109 a 4500
005
20201002044906.0
008
140401s1970 000 spa d
100
_a
Zweig, Stephan
_9
71468
245
0
_a
Carta de una desconocida.
260
_a
Madrid -- Libra,
_c
1970 -- 189 p.
999
_c
43123
_d
43123
040
_a
DO-SdBNP